000 00529nam a2200157 i 4500
001 147079
003 ES-MaACL
005 20230906201806.0
007 t|
008 070921s1902 fr ||||1| fre d
100 1 _aTurpain, Albert.
_9111752
245 1 4 _aLes applications pratiques des ondes electriques
_b: telegrahie sans fil. Télégraphie avec conducteur commande a distance /
_cAlbert Turpain.
260 _aParis :
_bEvreux-Charles Herissey,
_c1902.
300 _a412 p. :
_bil ;
_c22 cm.
852 _aES-MaACL
_jB-12736
999 _c147079
_d147079